00747cam0a220025300 4500001001200000008004100012035001900053035001800072100002600090245004000116260001000156949004300166949004300209949004300252004000600295591002400301591003800325591001700363591003400380591002900414900002200443909000900465999001900474zam00002115951128s1973 xx eng u a(Sirsi) r19494 a(MACHINE)SLC. aBrumfit, J.6A80385.110aCommunicative approach to language. c1973. aP51wlcci-17392mMAINtBOOKlON-SHELF aP51wlcci-17393mMAINtBOOKlON-SHELF aP51wlcci-17394mMAINtBOOKlON-SHELF19494 aClass code: ED 323. aCourse: English teaching methods. aSchool: S03. aLecturer: Mr. TAMBULUKANI, G. aNumber of Students: 102. 2MAIN8P519BRUc3 aBook c168992d168992